| 000 | 01019nam a2200277 i 4500 | ||
|---|---|---|---|
| 003 | EG-GICUC | ||
| 005 | 20260414125122.0 | ||
| 008 | 260414s1939 fr fr|||| 000 0 fre d | ||
| 040 |
_aEG-GiCUC _bfre _cEG-GiCUC _dEG-GiCUC _eRda |
||
| 082 | 0 | 4 |
_221 _a341.73 _bCO . X |
| 092 | 0 | 4 | _221 |
| 099 | _aLaw 11 341.73 CO . X 1939 | ||
| 111 | 2 |
_aXXXIII Congrès Universel De La Paix _c(Tenu A Zurich Salle Du Grand Conseil _dDu 21 AU 24 Août 1939) |
|
| 245 | 1 | 4 |
_aXXXIII Congrès Universel De La Paix / _bDocuments Officiels. |
| 264 | 1 |
_aGenève : _bBureau International De La Paix, _c1939. |
|
| 300 |
_a132 page, _c 24 cm. |
||
| 336 |
_2rda contenu _a texte |
||
| 337 |
_2rda medias _aOrdinateur |
||
| 338 |
_2 transporteur rda _a Ressource en ligne |
||
| 504 | _aComprend des références bibliographiques. | ||
| 546 | _aالنص باللغة الفرنسية | ||
| 650 | 1 | 4 | _aDroit international public |
| 856 | 4 | 0 | _uhttps://fll.law.cu.edu.eg/fulltext/bks/B11-06958.pdf |
| 905 | _a48 | ||
| 942 |
_2ddc _cCP _e21 _n0 |
||
| 999 |
_c70889 _d70889 |
||